NON TRADITIONAL APPROACHES LEADING TO ENHANCED OZONE GENERATION

Bibliographic Details
Main Author: Pekárek, Stanislav (Author)
Format: Article
Language:English

MARC

LEADER 00000naa a2200000uu 4500
001 vtls011070225
003 SK-MaSNL
005 20260302102156.0
008 210908|2010 xo |||||||||||||||||eng|
015 |a SNBRA 
035 |a (urnnbn)urn:nbn:sk:snk:ar-a0c9xj 
035 |a (uuid)1d365d2c-47b3-486a-96ed-4836d07dbebc 
035 |a urn:nbn:sk:snk-aavg8u 
040 |a SNKBUCL  |b slo  |c SNKBUCL  |e AACR2 
041 0 |a eng 
044 |a xo  |c SK 
100 1 |a Pekárek, Stanislav  |4 aut  |9 775657 
245 1 0 |a NON TRADITIONAL APPROACHES LEADING TO ENHANCED OZONE GENERATION  |c Stanislav Pekárek 
773 0 |t HAKONE XII  |d Bratislava : Comenius University, 2010  |g S. 287-290  |z 9788089186716 
958 |a OND 
958 |a article12 
958 |a chapter 
999 |c 1226310  |d 1228240